| 000 | 00804nam a22002777a 4500 | ||
|---|---|---|---|
| 001 | 200464807 | ||
| 003 | TR-AnTOB | ||
| 005 | 20250709150148.0 | ||
| 008 | 250709b tu ||||| |||| 00| 0 tur d | ||
| 020 | _a9786053748007 | ||
| 040 |
_aTR-AnTOB _beng _erda _cTR-AnTOB |
||
| 041 | _atur | ||
| 092 |
_a813.42 _bYAV 2018 |
||
| 100 |
_aYavaş, Genç Osman _eauthor _9149117 |
||
| 245 |
_aAmcam ve Ben : Havaalanında Bir Zebra / _cYavaş, Genç Osman |
||
| 250 | _a5.bs. | ||
| 260 |
_aİstanbul : _bFinal Kültür Sanat Yayınları ; _c2018. |
||
| 300 |
_a62 Pages : _bill. ; _c24 cm. |
||
| 336 |
_atext _btxt _2rdacontent |
||
| 337 |
_aunmediated _bn _2rdamedia |
||
| 338 |
_avolume _bnc _2rdacarrier |
||
| 653 | _azebra | ||
| 942 |
_2ddc _cBK |
||
| 999 |
_c200464807 _d83019 |
||